| 000 | 00533 a2200181 4500 | ||
|---|---|---|---|
| 999 |
_c204541 _d204541 |
||
| 005 | 20201111112601.0 | ||
| 008 | 201029b ||||| |||| 00| 0 eng d | ||
| 020 | _a9780957303003 | ||
| 040 | _cLC | ||
| 050 |
_aB 105.I52 _bFIE 2012 |
||
| 100 | _aField, Steven | ||
| 245 |
_aMind : _bthe realm of reality (a new theory of immaterialism) / _cSteven Field and Mirabile Dictu |
||
| 260 |
_aHastings, TN : _bPom Press, _c2012. |
||
| 300 | _avii, 167 pages. | ||
| 650 | _aImmaterialism | ||
| 700 | _aDictu, Mirabile | ||
| 942 | _cBOOK | ||